Statistics for US Wars

Click here to take the quiz!

General Stats

  • This quiz has been taken 156 times
  • The average score is 8 of 11

Answer Stats

Date of DeclarationEnemy% Correct
April 6, 1917Germany, World War I
92%
June 18, 1812Great Britain, War of 1812
92%
December 11, 1941Nazi Germany, World War II
92%
December 8, 1941Japan, World War II
90%
December 11, 1941Italy, World War II
83%
May 13, 1846Mexico, Mexican-American War
78%
April 25, 1898Spain, Spanish-American War
76%
December 7, 1917Austria-Hungary, World War I
50%
June 5, 1942Bulgaria, World War II
46%
June 5, 1942Hungary, World War II
45%
June 5, 1942Romania, World War II
45%

Score Distribution

Percentile by Number Answered

Percent of People with Each Score

Your Score History

You have not taken this quiz